000 00266nam a2200109 a 4500
008 120206s2003|||| d
100 1 _aMikulaj, Vladimír
245 1 0 _aUroinfekcie u žien
260 _bLuskpress
_aBratislava
_c2003
020 _cDar
044 _axo
_cSK
999 _c19928
_d19928